Cómo se han formado los maestros (Record no. 77102)

MARC details
000 -LEADER
campo de control de longitud fija 00625nam a2200181 i 4500
001 - NÚMERO DE CONTROL
campo de control 77102
003 - IDENTIFICADOR DE NÚMERO DE CONTROL
campo de control ES-MaACL
005 - FECHA Y HORA DE LA ÚLTIMA TRANSACCIÓN
campo de control 20250929063131.0
007 - CAMPO FIJO DE DESCRIPCIÓN FÍSICA--INFORMACIÓN GENERAL
campo de control de longitud fija t|
008 - DATOS DE LONGITUD FIJA--INFORMACIÓN GENERAL
campo de control de longitud fija 041006s1973 sp |||| | spa d
100 1# - ENTRADA PRINCIPAL--NOMBRE DE PERSONA
Nombre de persona Guzmán, Manuel de,
Fechas asociadas al nombre 1916-
9 (RLIN) 61296
245 10 - MENCIÓN DEL TÍTULO
Título Cómo se han formado los maestros
Resto del título : 1871 a 1971 : cien años de disposiciones oficiales /
Mención de responsabilidad, etc. Manuel de Guzmán.
260 ## - PUBLICACIÓN, DISTRIBUCIÓN, ETC.
Lugar de publicación, distribución, etc. [Barcelona] :
Nombre del editor, distribuidor, etc. Prima Luce,
Fecha de publicación, distribución, etc. [1973]
300 ## - DESCRIPCIÓN FÍSICA
Extensión 364 p. ;
Dimensiones 22 cm.
650 #4 - PUNTO DE ACCESO ADICIONAL DE MATERIA--TÉRMINO DE MATERIA
Término de materia o nombre geográfico como elemento de entrada Profesores de enseñanza primaria-
Subdivisión general Formación profesional-
Subdivisión geográfica España.
9 (RLIN) 151759
852 ## - LOCALIZACIÓN
Ubicación ES-MaACL
Número de control de estantería C-55607
Holdings
Estatus retirado Estado de pérdida Estado de daño No para préstamo Biblioteca de origen Biblioteca actual Ubicación en estantería Fecha de adquisición Fuente de adquisición Total de préstamos Signatura topográfica completa Código de barras Visto por última vez Precio de reemplazo Tipo de ítem Koha
        Biblioteca del Ateneo de Madrid Biblioteca del Ateneo de Madrid Depósito 2 17/01/2008     C-55607 1080675 23/02/2023 23/02/2023 Libro impreso